000
00248nam a2200097Ia 4500
008
240331s9999 xx 000 0 und d
082
_b
DEV
100
_a
Kotze, D.A, . ed
245
0
_a
Development policies and approaches in Southern Africa
942
_c
L
999
_c
2743
_d
2743